Criterio de diseño para el control operativo del Instituto Costarricense de Acueductos y Alcantarillados
Gorde:
| Egile nagusia: | |
|---|---|
| Formatua: | Liburua |
| Argitaratua: |
1984
|
| Etiketak: |
Etiketa erantsi
Etiketarik gabe, Izan zaitez lehena erregistro honi etiketa jartzen!
|
MARC
| LEADER | 00000nam a2200000Ia 4500 | ||
|---|---|---|---|
| 003 | 002508 | ||
| 005 | 20221231144409.0 | ||
| 008 | 140114s1984 cr a m 000 ||s d | ||
| 040 | |c cru CEDI | ||
| 090 | |a TFG 1524 | ||
| 100 | |a Lobo Esquivel, Manuel |9 14853 | ||
| 245 | |a Criterio de diseño para el control operativo del Instituto Costarricense de Acueductos y Alcantarillados | ||
| 260 | |c 1984 | ||
| 300 | |a vi,57,20 hojas :ilustraciones | ||
| 500 | |a Proyecto de graduación (bachiller en ingeniería eléctrica)--Universidad de Costa Rica. Facultad de Ingeniería. Escuela de Ingeniería Eléctrica | ||
| 942 | |c TFG |2 ddc | ||
| 999 | |c 21275 |d 21275 | ||
